Statistics for NBA: Top 50 RPG in 15th Season or Higher

Click here to take the quiz!

General Stats

  • This quiz has been taken 26 times
    (10 since last reset)
  • The average score is 41 of 50

Answer Stats

#PlayerRPGAge% Correct
50Kareem Abdul-Jabbar7.336
100%
36Kareem Abdul-Jabbar7.937
100%
24LeBron James8.633
100%
42LeBron James7.736
100%
37LeBron James7.835
100%
32LeBron James8.237
100%
26LeBron James8.534
100%
8Tim Duncan9.936
100%
15Tim Duncan9.138
100%
9Tim Duncan9.737
100%
19Tim Duncan9.035
100%
6Charles Barkley10.536
89%
1Charles Barkley12.335
89%
29Dwight Howard8.436
89%
49Dwight Howard7.334
89%
11Hakeem Olajuwon9.636
89%
45Hakeem Olajuwon7.438
89%
22Karl Malone8.740
89%
30Karl Malone8.337
89%
25Karl Malone8.638
89%
41Karl Malone7.839
89%
12Karl Malone9.536
89%
21Kevin Garnett8.934
89%
39Kevin Garnett7.836
89%
48Kevin Garnett7.333
89%
31Kevin Garnett8.235
89%
34Moses Malone8.135
89%
7Moses Malone10.034
89%
2Moses Malone11.833
89%
18Moses Malone9.136
89%
5Robert Parish10.637
89%
14Robert Parish9.439
89%
20Robert Parish8.938
89%
10Patrick Ewing9.737
78%
47Patrick Ewing7.438
78%
35Pau Gasol8.037
78%
4Pau Gasol11.035
78%
38Pau Gasol7.836
78%
28Shaquille O'Neal8.436
78%
17Shaquille O'Neal9.135
78%
46Shaquille O'Neal7.434
78%
43Al Horford7.735
56%
27Artis Gilmore8.536
56%
13Charles Oakley9.537
56%
44Elvin Hayes7.637
56%
16Tyson Chandler9.135
44%
3Tyson Chandler11.534
44%
23Tyson Chandler8.733
44%
40Zach Randolph7.834
22%
33Zach Randolph8.235
22%

Score Distribution

Percentile by Number Answered

Percent of People with Each Score

Your Score History

You have not taken this quiz since the last reset